[Event "BRA-ch Amateur"]
[Site "Sao Paulo"]
[Date "2013.02.10"]
[Round "4"]
[White "Hoshino, Karen M"]
[Black "Cajal, Andre"]
[Result "1/2-1/2"]
[WhiteElo "1616"]
[BlackElo "2081"]
[PlyCount "66"]
[EventDate "2013.02.09"]
[EventType "swiss"]
[EventRounds "7"]
[EventCountry "BRA"]
[SourceTitle "CBM 152 Extra"]
[Source "ChessBase"]
[SourceDate "2013.02.25"]
[SourceVersion "1"]
[SourceVersionDate "2013.02.25"]
[SourceQuality "1"]

1. d4 Nf6 2. Nf3 e6 3. Bg5 Be7 4. Nbd2 d5 5. c3 0-0 6. e3 Ne4 7. Bf4 f5 8. Be2 Nd7 9. Nxe4 fxe4 10. Ne5 Nf6 11. 0-0 a5 12. Rc1 a4 13. a3 c6 14. c4 Bd6 15. c5 Bc7 16. Bg3 Ne8 17. Bh5 g6 18. Bxg6 hxg6 19. Nxg6 Rf5 20. Bxc7 Nxc7 21. Qg4 Qg5 22. Qxg5 Rxg5 23. Ne5 Rg7 24. f3 Ra5 25. Rc2 Rb5 26. Rcf2 exf3 27. Nxf3 Rf7 28. Ne5 Rxf2 29. Rxf2 Rb3 30. Re2 Kf8 31. g4 b6 32. Nxc6 bxc5 33. dxc5 Na6 1/2-1/2

[Event "Sao Paulo Braga op"]
[Site "Sao Paulo"]
[Date "2011.04.22"]
[Round "4"]
[White "Serafim, Arnor Jr"]
[Black "Cajal, Andre"]
[Result "0-1"]
[WhiteElo "1886"]
[BlackElo "2078"]
[PlyCount "96"]
[EventDate "2011.04.20"]
[EventType "swiss"]
[EventRounds "9"]
[EventCountry "BRA"]
[SourceTitle "CBM 141 Extra"]
[Source "ChessBase"]
[SourceDate "2011.05.03"]
[SourceVersion "1"]
[SourceVersionDate "2011.05.03"]
[SourceQuality "1"]

1. c4 e5 2. Nc3 Nf6 3. g3 c6 4. d4 exd4 5. Qxd4 h6 6. Bg2 Be7 7. e4 d6 8. Nge2 0-0 9. 0-0 Nbd7 10. b3 Re8 11. Bb2 Nf8 12. Rad1 Bg4 13. h3 Bxe2 14. Nxe2 Qa5 15. Nf4 Ne6 16. Nxe6 fxe6 17. Bc3 Qc7 18. f4 Rad8 19. Qf2 d5 20. e5 Nd7 21. cxd5 Bc5 22. Bd4 Bxd4 23. Qxd4 cxd5 24. Rc1 Qa5 25. Rf2 Rc8 26. Rfc2 Rxc2 27. Rxc2 Kh8 28. Qc3 Qb6+ 29. Kh2 Nb8 30. Qc7 Nc6 31. Qxb6 axb6 32. h4 g5 33. hxg5 hxg5 34. Kh3 gxf4 35. gxf4 Rf8 36. Kg4 Rg8+ 37. Kh5 Rf8 38. Kg5 Kg7 39. Bh3 Kf7 40. f5 exf5 41. Bxf5 Ke7 42. Rd2 d4 43. Kf4 Rh8 44. Ke4 Rh4+ 45. Kd5 d3 46. Be4 Rh5 47. Bxd3 Rxe5+ 48. Kc4 Rc5# 0-1

[Event "Sao Paulo op da Amizade"]
[Site "Sao Paulo"]
[Date "2008.08.29"]
[Round "7.25"]
[White "Aragao Neto, Joao Batista"]
[Black "Cajal, Andre"]
[Result "0-1"]
[WhiteElo "1875"]
[BlackElo "2081"]
[PlyCount "60"]
[EventDate "2008.08.23"]
[EventType "swiss"]
[EventRounds "9"]
[EventCountry "BRA"]
[SourceTitle "EXT 2022"]
[Source "ChessBase"]
[SourceDate "2021.10.06"]
[SourceVersion "1"]
[SourceVersionDate "2021.10.06"]
[SourceQuality "1"]

1. e4 c5 2. Nf3 e6 3. d4 cxd4 4. Nxd4 a6 5. Be2 Nf6 6. Nc3 Bb4 7. Qd3 Qc7 8. 0-0 0-0 9. Bg5 Be7 10. Kh1 d6 11. Qg3 Kh8 12. f4 Nbd7 13. Rae1 b5 14. a3 Bb7 15. Qh4 Nc5 16. Rf3 Ng8 17. Rh3 h6 18. Bxe7 Qxe7 19. Qg4 Nxe4 20. Nxe4 Bxe4 21. Rg3 Qf6 22. c3 Bg6 23. Bf3 Rae8 24. Bb7 e5 25. fxe5 Rxe5 26. Rg1 d5 27. h4 Re4 28. Qd7 Rd8 29. Qc6 Rxh4+ 30. Rh3 Rxh3+ 0-1

[Event "Sao Paulo op da Amizade"]
[Site "Sao Paulo"]
[Date "2008.08.27"]
[Round "5.24"]
[White "Rodrigues, Bruno Morado"]
[Black "Cajal, Andre"]
[Result "0-1"]
[WhiteElo "1965"]
[BlackElo "2081"]
[PlyCount "30"]
[EventDate "2008.08.23"]
[EventType "swiss"]
[EventRounds "9"]
[EventCountry "BRA"]
[SourceTitle "EXT 2022"]
[Source "ChessBase"]
[SourceDate "2021.10.06"]
[SourceVersion "1"]
[SourceVersionDate "2021.10.06"]
[SourceQuality "1"]

1. e4 c5 2. Nc3 d6 3. f4 g6 4. Nf3 Bg7 5. Bc4 e6 6. 0-0 Ne7 7. f5 d5 8. Bb5+ Nbc6 9. Ng5 exf5 10. exd5 Nxd5 11. Nxd5 Qxd5 12. Re1+ Be6 13. Qe2 0-0 14. Nxe6 fxe6 15. d3 Nd4 0-1

[Event "Sao Paulo Paulista-ch"]
[Site "Sao Paulo"]
[Date "2007.07.01"]
[Round "6"]
[White "Giese, Ellen Cristine"]
[Black "Cajal, Andre"]
[Result "0-1"]
[WhiteElo "1838"]
[BlackElo "2113"]
[PlyCount "148"]
[EventDate "2007.06.28"]
[EventType "swiss"]
[EventRounds "7"]
[EventCountry "BRA"]
[SourceTitle "CBM 119 Extra"]
[Source "ChessBase"]
[SourceDate "2007.09.04"]
[SourceVersion "1"]
[SourceVersionDate "2007.09.04"]
[SourceQuality "1"]

1. e4 c5 2. Nf3 e6 3. c3 d5 4. e5 Nc6 5. d4 cxd4 6. cxd4 Bb4+ 7. Nc3 Nge7 8. a3 Ba5 9. b4 Bb6 10. Nb5 0-0 11. Bd3 h6 12. Bb1 f5 13. exf6 Rxf6 14. Ne5 Bxd4 15. Nxd4 Nxe5 16. Nb3 N5g6 17. Bb2 e5 18. 0-0 d4 19. Nc5 b6 20. Ne4 Rf8 21. Qb3+ Kh8 22. Qg3 Nf4 23. Qb3 Bb7 24. Bc1 Neg6 25. g3 Ne2+ 26. Kg2 d3 27. Qxd3 Nxc1 28. Qxd8 Raxd8 29. Rxc1 Rd2 30. Kg1 Rb2 31. Nd6 Rfxf2 32. Nxb7 Rg2+ 33. Kh1 Rxh2+ 34. Kg1 Rbg2+ 35. Kf1 Rxg3 36. Bxg6 Rxg6 37. Rc8+ Kh7 38. Re1 Rf6+ 39. Kg1 Rh5 40. Re8 Rg5+ 41. Kh1 Rf4 42. Re2 Rh4+ 43. Rh2 Rc4 44. Rg2 Rc1+ 45. Kh2 Rh5+ 46. Kg3 Rc3+ 47. Kf2 Rxa3 48. Re7 Rf5+ 49. Kg1 Ra1+ 50. Kh2 Rh5+ 51. Kg3 Rg5+ 52. Kh2 Rxg2+ 53. Kxg2 Rb1 54. Rxe5 Rxb4 55. Nd6 Rd4 56. Nb5 Rd2+ 57. Kg3 a6 58. Nc7 a5 59. Rb5 a4 60. Rxb6 a3 61. Rb1 a2 62. Ra1 g5 63. Nb5 Kg6 64. Kf3 h5 65. Ke3 Rb2 66. Nd4 g4 67. Ne2 Kg5 68. Kd3 Kf5 69. Nc3 g3 70. Nxa2 g2 71. Nc3 h4 72. Ne2 h3 73. Ra5+ Kf6 74. Ra6+ Ke7 0-1

[Event "Sao Paulo Paulista-ch"]
[Site "Sao Paulo"]
[Date "2007.06.29"]
[Round "2"]
[White "Stamenkovic, Dragan"]
[Black "Cajal, Andre"]
[Result "1-0"]
[WhiteElo "2423"]
[BlackElo "2113"]
[PlyCount "51"]
[EventDate "2007.06.28"]
[EventType "swiss"]
[EventRounds "7"]
[EventCountry "BRA"]
[SourceTitle "CBM 119 Extra"]
[Source "ChessBase"]
[SourceDate "2007.09.04"]
[SourceVersion "1"]
[SourceVersionDate "2007.09.04"]
[SourceQuality "1"]

1. d4 g6 2. e4 Bg7 3. Nc3 d6 4. Be3 Nf6 5. f3 0-0 6. Qd2 c6 7. Bh6 b5 8. h4 Nh5 9. Nge2 b4 10. Nd1 Ba6 11. Bxg7 Kxg7 12. Qxb4 Bxe2 13. Bxe2 Nf4 14. g3 Nxe2 15. Kxe2 Nd7 16. Qc3 Qb6 17. Ne3 f6 18. h5 e5 19. Rad1 c5 20. dxc5 Nxc5 21. Nc4 Qb5 22. Rxd6 Rac8 23. b3 Rfe8 24. Rd5 Qa6 25. hxg6 hxg6 26. Qe3 1-0

[Event "Sao Paulo-chB"]
[Site "Sao Paulo"]
[Date "2000.??.??"]
[Round "2"]
[White "Cajal, Andre"]
[Black "Deus Filho, Joaquim"]
[Result "1/2-1/2"]
[WhiteElo "2188"]
[BlackElo "2128"]
[PlyCount "60"]
[EventDate "2000.??.??"]
[EventType "swiss"]
[EventRounds "7"]
[EventCountry "BRA"]
[SourceTitle "EXT 2001"]
[Source "ChessBase"]
[SourceDate "2000.11.22"]
[SourceVersion "1"]
[SourceVersionDate "2000.11.22"]
[SourceQuality "1"]

1. e4 c5 2. Nf3 e6 3. d4 cxd4 4. Nxd4 a6 5. c4 Qc7 6. Nc3 Nf6 7. Bd3 Nc6 8. Be3 Ne5 9. Qe2 Nxd3+ 10. Qxd3 Ng4 11. Nf3 Nxe3 12. fxe3 f6 13. 0-0 Be7 14. Kh1 0-0 15. Rad1 Rd8 16. a3 b6 17. Qe2 Bb7 18. Nd2 Qe5 19. Qg4 Rac8 20. Qh4 b5 21. cxb5 axb5 22. Nf3 Qc5 23. Qg4 Ba6 24. Rxd7 f5 25. Rxd8+ Rxd8 26. exf5 exf5 27. Qb4 Qc7 28. Qb3+ Kh8 29. Rd1 Rxd1+ 30. Qxd1 Bf6 1/2-1/2

[Event "Sao Paulo-chB"]
[Site "Sao Paulo"]
[Date "2000.??.??"]
[Round "5"]
[White "Gutierrez, Angel Huanca"]
[Black "Cajal, Andre"]
[Result "0-1"]
[WhiteElo "2305"]
[BlackElo "2188"]
[PlyCount "69"]
[EventDate "2000.??.??"]
[EventType "swiss"]
[EventRounds "7"]
[EventCountry "BRA"]
[SourceTitle "EXT 2001"]
[Source "ChessBase"]
[SourceDate "2000.11.22"]
[SourceVersion "1"]
[SourceVersionDate "2000.11.22"]
[SourceQuality "1"]

1. d4 f5 2. Nf3 Nf6 3. g3 e6 4. Bg2 Be7 5. 0-0 0-0 6. c4 d6 7. Nc3 c6 8. Qc2 Qc7 9. e4 fxe4 10. Nxe4 e5 11. dxe5 dxe5 12. b3 Bg4 13. Bb2 Nbd7 14. h3 Bh5 15. Nfg5 Rfe8 16. Nxf6+ Nxf6 17. Qf5 Bg6 18. Qe6+ Kh8 19. Qxe5 Qxe5 20. Bxe5 Nd7 21. Bf4 Bc5 22. Rfe1 Bb4 23. Rxe8+ Rxe8 24. Rd1 Nf6 25. Be3 a5 26. Nf3 Ne4 27. Kh2 Bc5 28. Bxc5 Nxc5 29. Rd2 Kg8 30. Nd4 Rd8 31. f4 Bb1 32. a3 Be4 33. b4 axb4 34. axb4 Bxg2 35. bxc5 0-1

[Event "Paulisto-ch"]
[Site "Sao Caetano do Sul"]
[Date "1999.??.??"]
[Round "4"]
[White "Cajal, Andre"]
[Black "Disconzi da Silva, Rodrigo"]
[Result "0-1"]
[WhiteElo "2174"]
[BlackElo "2336"]
[PlyCount "34"]
[EventDate "1999.??.??"]
[EventType "swiss"]
[EventRounds "6"]
[EventCountry "BRA"]
[SourceTitle "EXT 2000"]
[Source "ChessBase"]
[SourceDate "1999.11.16"]
[SourceVersion "1"]
[SourceVersionDate "1999.11.16"]
[SourceQuality "1"]

1. e4 c5 2. c3 e6 3. d4 d5 4. exd5 exd5 5. Be3 c4 6. b3 cxb3 7. axb3 Nc6 8. Bd3 Nf6 9. Qf3 Bg4 10. Qg3 Bd6 11. Qh4 Qd7 12. f3 Bf5 13. Bb5 0-0 14. Ne2 Rfe8 15. Kd2 Rxe3 16. Kxe3 Qe7+ 17. Kd2 Ne4+ 0-1

[Event "Itau Mercosul Cup 1st"]
[Site "Sao Paulo"]
[Date "1997.10.21"]
[Round "3"]
[White "Cajal, Andre"]
[Black "Milos, Gilberto"]
[Result "0-1"]
[WhiteElo "2180"]
[BlackElo "2590"]
[PlyCount "66"]
[EventDate "1997.10.19"]
[EventType "swiss"]
[EventRounds "9"]
[EventCountry "BRA"]
[SourceTitle "CBM 060 Extra"]
[Source "ChessBase"]
[SourceDate "1997.11.04"]
[SourceVersion "1"]
[SourceVersionDate "1997.11.04"]
[SourceQuality "1"]

1. e4 c5 2. c3 Nf6 3. e5 Nd5 4. g3 Nc6 5. Bg2 e6 6. Nf3 Be7 7. 0-0 0-0 8. Na3 b6 9. Nc2 Ba6 10. d3 d6 11. c4 Nc7 12. exd6 Qxd6 13. Re1 Rad8 14. Bf4 Qd7 15. Qe2 Bf6 16. Qe4 Bb7 17. Ne5 Bxe5 18. Bxe5 Ba8 19. Bxc7 Qxc7 20. Qe3 Rd6 21. Rad1 Rfd8 22. Rd2 R8d7 23. b4 Qd8 24. bxc5 Rxd3 25. Rxd3 Rxd3 26. Qe4 bxc5 27. Ne3 Rd4 28. Qf3 Qa5 29. Re2 Rd8 30. Qf4 Nd4 31. Rb2 Qe1+ 32. Bf1 e5 33. Qg4 Qc1 0-1

[Event "BRA-ch sf"]
[Site "Itapiruba"]
[Date "1997.06.??"]
[Round "4"]
[White "Cajal, Andre"]
[Black "Santos Neto, Francisco Jose"]
[Result "0-1"]
[WhiteElo "2195"]
[BlackElo "2175"]
[PlyCount "58"]
[EventDate "1997.06.??"]
[EventType "swiss"]
[EventRounds "9"]
[EventCountry "BRA"]
[SourceTitle "EXT 2001"]
[Source "ChessBase"]
[SourceDate "2000.11.22"]
[SourceVersion "1"]
[SourceVersionDate "2000.11.22"]
[SourceQuality "1"]

1. Nf3 b6 2. g3 Bb7 3. Bg2 g5 4. h3 Bg7 5. d4 h6 6. c4 Nf6 7. Nc3 Ne4 8. Bd2 0-0 9. Qc2 Nxc3 10. Nxg5 hxg5 11. Bxb7 Nc6 12. bxc3 Rb8 13. Bxc6 dxc6 14. Bxg5 Qd7 15. e4 b5 16. g4 bxc4 17. 0-0 Rb5 18. f4 Rfb8 19. Rf2 Rb2 20. Qc1 Bxd4 21. cxd4 Qxd4 22. Bh4 c3 23. f5 Rd2 24. Qe1 c2 25. Qxd2 Qxa1+ 26. Rf1 Qxf1+ 27. Kxf1 Rb1+ 28. Be1 c1Q 29. Qd8+ Kh7 0-1